Để Hiệu Quả Trong Công Việc (Tái Bản)

保存先:
書誌詳細
第一著者: Brian Tracy
フォーマット: 図書
言語:Vietnamese
出版事項: TR 2014
タグ: タグ追加
タグなし, このレコードへの初めてのタグを付けませんか!
Thư viện lưu trữ: Mạng thư viện Đại học Đà Nẵng
LEADER 00623nam a2200277 4500
001 000025529
003 110
005 20150204120000.0
008 150204s vm 000 vie
020 |c 32000,0000 
040 |a D1 
100 |a Brian Tracy 
245 |a Để Hiệu Quả Trong Công Việc (Tái Bản) 
260 |b TR  |c 2014 
300 |a 127tr. ; 
OWN |a LTT 
999 |a From the UDN01 
TYP |a Monograph 
TYP |a Printed language 
980 |a Mạng thư viện Đại học Đà Nẵng